| 000 | 00385 a2200133 4500 | ||
|---|---|---|---|
| 005 | 20250708065453.0 | ||
| 020 | _a9987-9041-1-4 | ||
| 082 | _a658.1511 MAE | ||
| 100 | _aMAEDA, J. S | ||
| 245 | _aManagement Accounting: Guide for CPA Students | ||
| 260 |
_aDar Es Salaam _bNational Board of Accountants and Auditors _c2013. |
||
| 300 |
_axii,401p.: ill.; figures _c24cm |
||
| 942 |
_2ddc _cBKS |
||
| 999 |
_c6602 _d6602 |
||